000 00650nam a2200205Ia 4500
008 140429s9999 xx 000 0 und d
020 _a9780131791145
050 _aHF 5415.157
_b.F67 2007
100 _aFoster, S. Thomas
245 _aManaging quality :
_bintegrating the supply chain /
_cS. Thomas Foster.
250 _a3rd ed.
260 _aNew Jersey :
_bPearson Prentice Hall,
_cc2007.
300 _a568 p. :
_bill. ;
_c27 cm.
_e+ 1 CD-ROM (4 3/4 in.)
500 _aIncludes bibliographical references and index.
521 _aBSBA
650 _aQuality control.
650 _aQuality of products.
942 _kFOR
_cBK
999 _c115710
_d115710